<?xml version="1.0" encoding="UTF-8"?>
<record
    xmlns:xsi="http://www.w3.org/2001/XMLSchema-instance"
    xsi:schemaLocation="http://www.loc.gov/MARC21/slim http://www.loc.gov/standards/marcxml/schema/MARC21slim.xsd"
    xmlns="http://www.loc.gov/MARC21/slim">

  <leader>00785    a2200157   4500</leader>
  <controlfield tag="003">Nust</controlfield>
  <controlfield tag="005">20230123123136.0</controlfield>
  <datafield tag="040" ind1=" " ind2=" ">
    <subfield code="c">Nust</subfield>
  </datafield>
  <datafield tag="082" ind1=" " ind2=" ">
    <subfield code="a">808.84,TRI</subfield>
  </datafield>
  <datafield tag="100" ind1=" " ind2=" ">
    <subfield code="a">Lionel Trilling</subfield>
    <subfield code="9">107424</subfield>
  </datafield>
  <datafield tag="245" ind1=" " ind2=" ">
    <subfield code="a">The Liberal Imagination  Essays on Litrature and Society  /</subfield>
    <subfield code="c">Lionel Trilling</subfield>
  </datafield>
  <datafield tag="260" ind1=" " ind2=" ">
    <subfield code="a">USA</subfield>
    <subfield code="b">Doubleday Anchor</subfield>
    <subfield code="c">1957</subfield>
  </datafield>
  <datafield tag="300" ind1=" " ind2=" ">
    <subfield code="a">293p;</subfield>
  </datafield>
  <datafield tag="505" ind1=" " ind2=" ">
    <subfield code="a">Reality in America (Page-1), Sherwood Anderson (Page-20), Freud and Literature (Page-32), The Princess Casamassima (Page-55), Huckleberry Finn (Page-100), Kipling (Page-114), The Immortality Ode (Page-125), Art and Neurosis (Page-155), The Sense of the Past (Page-176), Tactius Now (Page-192), The Kinsey Report (Page-216), Art and Fortune (Page-247), The Meaning of a Literary Idea (Page-272).</subfield>
  </datafield>
  <datafield tag="942" ind1=" " ind2=" ">
    <subfield code="2">ddc</subfield>
    <subfield code="c">BK</subfield>
  </datafield>
  <datafield tag="999" ind1=" " ind2=" ">
    <subfield code="c">194196</subfield>
    <subfield code="d">194196</subfield>
  </datafield>
  <datafield tag="952" ind1=" " ind2=" ">
    <subfield code="0">0</subfield>
    <subfield code="1">0</subfield>
    <subfield code="2">ddc</subfield>
    <subfield code="4">0</subfield>
    <subfield code="7">0</subfield>
    <subfield code="a">MCS</subfield>
    <subfield code="b">MCS</subfield>
    <subfield code="c">FIC</subfield>
    <subfield code="d">2016-12-12</subfield>
    <subfield code="o">808.84,TRI</subfield>
    <subfield code="p">MCS29591-A</subfield>
    <subfield code="r">2016-12-08</subfield>
    <subfield code="w">2016-12-12</subfield>
    <subfield code="y">BK</subfield>
    <subfield code="z">Almirah No.57, Shelf No.3</subfield>
  </datafield>
</record>
